| 000 | 00573nam a2200193 a 4500 | ||
|---|---|---|---|
| 001 | 000020199 | ||
| 005 | 20200929170318.0 | ||
| 008 | 100727s2007 dr 000 j spa d | ||
| 020 | _a9789945855180 | ||
| 040 |
_aDO-SdBNP _bspa _cBNPHU |
||
| 082 |
_a840.8 _bM452l |
||
| 100 | 1 |
_aMaupassant, Guy de _d1850 - 1893 _913633 |
|
| 245 | 1 | 3 |
_aLa casa de tellier / _cGuy de Maupassant. |
| 260 |
_aSanto Domingo : _bEdiciones Peralta DomÃnguez, _c2007. |
||
| 300 |
_a72 p. ; _c18 cm. |
||
| 650 | 4 |
_aCuentos franceses _913634 |
|
| 650 | 4 |
_aLiteratura francesa _91074 |
|
| 049 | _aBNPD | ||
| 999 |
_c19706 _d19706 |
||